000 01087nam a22003257a 4500
003 CHAP
005 20220329135357.0
008 971013s1980 r 00010 d
010 _a35347
011 _a36319
035 _a40438
040 _cCHAP
082 _a630.58
_bM47
110 _aMéxico.
_bSecretaría de Agricultura y Recursos Hidráulicos
_976864
245 _aGuía de servicios al público
260 _a(s.l.) :
_bs.e.,
_c1980
300 _a164 h
590 _aBATCH-UPD
_b10
_c20130110
_lUCH01
_h0147
590 _aBATCH-UPD
_b10
_c20130110
_lUCH01
_h2211
590 _aBATCH-UPD
_b10
_c20130410
_lUCH01
_h1513
590 _aBATCH-UPD
_b10
_c20130913
_lUCH01
_h2049
590 _aCONVERSION
_b10
_c20130109
_lUCH01
_h1320
650 1 4 _aAgricultura
_xDirectorios.
_91396
650 1 4 _aDistritos de riego
_xDirectorios.
_932971
650 1 4 _aOficinas gubernamentales
_xLeyes
_xMéxico.
_982813
901 _aBK
942 _cLIBRO
949 _a630.58 M47
_bBC
_cC
_d33724000566394
_eC
_h50211
_i40438
_mD
_si
949 _a630.58 M47
_bBC
_cC
_d33724000566402
_eC
_fc.2
_h65075
_i40438
_mD
_si
999 _c35347
_d35347